Guess The KPOP Group By Debut Song - Statistics

General Stats
  • This quiz has been taken 288 times
  • The average score is 19 of 30
Answer Stats
Hint Answer % Correct
Boombayah BLACKPINK
99%
Black mamba AESPA
94%
Dalla Dalla ITZY
93%
Given taken ENHYPEN
92%
No More Dream BTS
90%
Fearless LESSERAFIM
90%
Attention NEWJEANS
89%
District 9 STRAYKIDS
88%
Crown TXT
88%
O.O NMIXX
86%
Latata GIDLE
83%
Pirate king ATEEZ
79%
Adore U SEVENTEEN
79%
Happiness RED VELVET
76%
Replay SHINEE
76%
Mama EXO
61%
Fire truck NCT 127
60%
Into the new world SNSD
59%
Girls Girls Girls GOT7
53%
Mr. Ambiguous MAMAMOO
53%
Bad girl Good girl MISS A
47%
Glass bead GFRIEND
45%
So bad STAYC
40%
Siren P1HARMONY
39%
Girls of the year VCHA
38%
Hide and seek ASTRO
27%
Twins (Knock Out) SUPER JUNIOR
27%
Regular WAYV
25%
To heart FROMIS_9
24%
Boy THE BOYZ
23%
No matching quizzes found
Score Distribution
Percent of People with Each Score
Percentile by Number Answered
Your Score History
You have not taken this quiz